Logo BPK

Biblioteka

Politechniki Koszalińskiej

Advances in research on the strength and fracture of materials : (Rekord nr 19247)

Szczegóły MARC
000 -ETYKIETA REKORDU
podpole kontrolne o stałej długości 00525nam a2200145 i 4500
001 - NUMER KONTROLNY REKORDU
pole kontrolne bg
040 ## - ŹRÓDŁO KATALOGOWANIA
Instytucja, która utworzyła rekord BPK
041 ## - KOD JĘZYKA
Kod języka tekstu pol
080 ## - UNIWERSALNA KLASYFIKACJA DZIESIĘTNA - UKD
UKD 620.1:539.3/.6
008 - POLE O STAŁEJ DŁUGOŚCI - DANE KONTROLNE
podpole kontrolne o stałej długości s pl f |000 0 pol
245 #0 - TYTUŁ/ODPOWIEDZIALNOŚĆ
Tytuł Advances in research on the strength and fracture of materials :
Ciąg dalszy tytułu Forth International Conference on Fracture, June 1977, University of Waterloo, Canada.
Oznaczenie części/sekcji dzieła Vol. 2A,
Tytuł części/sekcji dzieła The physical metallurgy on fracture /
Pozostałe elementy strefy tytułu i oznaczenia odpowiedzialności ed. D. M. R. Taplin.
260 ## - STREFA ADRESU WYDAWNICZEGO
Miejsce wydania New York,
Data publikacji, dystrybucji/powstania dokumentu 1978.
700 1# - HASŁO DODATKOWE - NAZWA OSOBOWA
Nazwa osobowa Taplin, D. M. R.
Określenie związku między hasłem a opisywanym materiałem Red.
856 ## - LOKALIZACJA I DOSTĘP DO ELEKTRONICZNYCH DOKUMENTÓW ZDALNYCH
Link (URL) http://koha.tu.koszalin.pl/cgi-bin/koha/opac-detail.pl?biblionumber=19247
Tekst linku Katalog online BPK
942 ## - DODATKOWE ELEMENTY (KOHA)
Typ dokumentu Książka
Egzemplarze
Wycofany Status egzemplarza Uszkodzony Dostępność Lokalizacja stała Lokalizacja bieżąca Miejsce przechowywania Sygnatura Kod kreskowy Typ dokumentu
      Dostępny Biblioteka Politechniki Koszalińskiej Biblioteka Politechniki Koszalińskiej Wypożyczalnia BG 27055 01231984 Książka
© 2023 Biblioteka Politechniki Koszalińskiej :: KOHA